00397nam a2200121Ia 4500008004100000020002200041082001800063100006000081245008200141250001600223260002700239300000900266210430s9999 xx 000 0 und d a978-3-662-05023-1 a539.7 P8793 P aBogdan Povh, Klaus Rith, Christop Scholz, Frank Zetsche aParticles And Nuclei: An introduction to the physical concepts /cBogdan Povh a2nd edition aGermanbSpringerc2007 a389p